000 00929nam a22003017a 4500
003 CHAP
005 20220329134542.0
008 971013s1981 r 00010 d
010 _a22064
011 _a23036
035 _a27131
040 _cCHAP
082 _a634.61
_bC65 1975-78
110 _aCoconut Information Centre. Lunuwila, Sri Lanka
_924292
245 _aCoconut 1975-1978
260 _aLunuwila :
_bThe Centre,
_c1981
300 _a227 p.
490 _aBibliografical series
_v; 8-11
590 _aBATCH-UPD
_b10
_c20130110
_lUCH01
_h2240
590 _aBATCH-UPD
_b10
_c20130410
_lUCH01
_h1534
590 _aBATCH-UPD
_b10
_c20130914
_lUCH01
_h0955
590 _aCONVERSION
_b10
_c20130109
_lUCH01
_h1313
650 1 4 _aCoco
_xBibliografía.
_924237
830 0 _aBibliografical series
_v; 8-11
_912193
901 _aBK
942 _cLIBRO
949 _a634.61 C65 1975-78
_bBC
_cC
_d33724000649539
_eC
_h70587
_i27131
_mD
_si
999 _c22064
_d22064